Cerebral blood flow changes in subarachnoid haemorrhage /
Saved in:
| 主要作者: | |
|---|---|
| 格式: | Thesis 图书 |
| 语言: | English |
| 出版: |
1990.
|
| 主题: | |
| 标签: |
添加标签
没有标签, 成为第一个标记此记录!
|
| LEADER | 00842cam a2200241 a 4500 | ||
|---|---|---|---|
| 001 | u128953 | ||
| 003 | SIRSI | ||
| 008 | 911217s1990 my t 00 1 eng | ||
| 035 | |a AAO-5044 | ||
| 040 | |a UMP | ||
| 096 | |a WL200 |b Che 1990 | ||
| 100 | 1 | 0 | |a Chee, Chee Pin. |
| 245 | 1 | 0 | |a Cerebral blood flow changes in subarachnoid haemorrhage / |c Chee Chee Pin. |
| 260 | |c 1990. | ||
| 300 | |a 185 leaves : |b ill. ; |c 30 cm. | ||
| 502 | |a Dissertation (M.D.) -- Fakulti Perubatan, Universiti Malaya, 1991. | ||
| 504 | |a Bibliography: leaves 163-185. | ||
| 650 | 2 | |a Cerebrovascular Circulation. | |
| 650 | 2 | |a Subarachnoid Hemorrhage. | |
| 948 | |a 06/01/1992 |b 11/07/1998 | ||
| 596 | |a 2 | ||
| 999 | |a WL200 CHE 1990 |w NLM |c 1 |i A500043045 |l STACKS |m P02MEDKL |r Y |s Y |t TESIS |u 16/1/1992 | ||
| 999 | |a WL200 CHE 1990 |w NLM |c 2 |i A500043054 |l STACKS |m P02MEDKL |r Y |s Y |t TESIS |u 16/1/1992 | ||
